000 01247cam a2200217 4500
001 ##L135539
008 061106n 000 0 eng u
035 _a(Sirsi) u135539
041 0 _aeng
050 0 4 _a711.4 $2 22
110 2 _aPlanning Advisory Service
_95078
245 0 0 _aPlanning delivery agreements
_binterim report
260 _aLondon
_bPAS
_c[2006?]
520 _aReport on the progress in a pilot project involving 23 local authorities working with developers to create Planning Delivery Agreements (PDAs). The pilot project, originating in the January 2006 DCLG and Advisory Team for Large Applications report on PDAs, is trialling the use of PDAs as a management tool to aid the efficient handling of major applications. PDAs are not guarantees of particular decisions but a mechanism focused on improving the process for dealing with the pre-application and application process.
590 _aIKA141106 NTK
651 4 _aEngland
_y886-
690 _aENVIRONMENTAL AND LAND CONSULTANCY-PLANNING AND DEVELOPMENT-DEVELOPMENT CONTROL-PLANNING APPLICATIONS
710 2 _aDatabuild
_95079
856 4 0 _uhttps://www.pas.gov.uk/pas/core/page.do?pageId=11731
_zView the interim report free of charge at www.pas.gov.uk...
942 _n0
999 _c106093
_d106093